Stamp Duty: 7-year leases. (Record no. 61766)
[ view plain ]
| 000 -LEADER | |
|---|---|
| fixed length control field | 00538cam a2200157 4500 |
| 001 - CONTROL NUMBER | |
| control field | WB3537-39 |
| 008 - FIXED-LENGTH DATA ELEMENTS--GENERAL INFORMATION | |
| fixed length control field | 000000n1999 000 0 eng u |
| 035 ## - SYSTEM CONTROL NUMBER | |
| System control number | (Sirsi) u102791 |
| 245 ## - TITLE STATEMENT | |
| Title | Stamp Duty: 7-year leases. |
| 260 ## - PUBLICATION, DISTRIBUTION, ETC. | |
| Date of publication, distribution, etc. | 1999 |
| 490 ## - SERIES STATEMENT | |
| Series statement | Inland Revenue Press Release |
| Volume/sequential designation | (159/99) 17 September 1999 (2) |
| 520 ## - SUMMARY, ETC. | |
| Summary, etc. | The Finance Bill 2000 will correct the omission in the Finance Act 1999 and will ensure that stamp duty is payable on new leases of exactly 7 years. |
| 650 ## - SUBJECT ADDED ENTRY--TOPICAL TERM | |
| Topical term or geographic name entry element | STAMP DUTY |
| 690 ## - LOCAL SUBJECT ADDED ENTRY--TOPICAL TERM (OCLC, RLIN) | |
| Topical term or geographic name as entry element | TAXATION |
| 942 ## - ADDED ENTRY ELEMENTS (KOHA) | |
| Suppress in OPAC | 0 |
| Withdrawn status | Lost status | Source of classification or shelving scheme | Damaged status | Not for loan | Home library | Current library | Shelving location | Date acquired | Total Checkouts | Full call number | Barcode | Date last seen | Copy number | Price effective from | Koha item type |
|---|---|---|---|---|---|---|---|---|---|---|---|---|---|---|---|
| Dewey Decimal Classification | London | London | News article | 24/11/1999 | WB3537-39 | 102791-1001 | 06/08/2019 | 1 | 06/08/2019 | News article |